<?xml version="1.0" encoding="UTF-8"?>
<marc:record xmlns:marc="http://www.loc.gov/MARC21/slim">
   <marc:leader>00000nam a2200000 a 4500</marc:leader>
   <marc:datafield ind1=" " ind2=" " tag="653">
      <marc:subfield code="a">Indien</marc:subfield>
   </marc:datafield>
   <marc:datafield ind1="0" ind2="0" tag="245">
      <marc:subfield code="a">PETERSDORF - Märchen aus Indien</marc:subfield>
   </marc:datafield>
   <marc:datafield ind1=" " ind2="1" tag="264">
      <marc:subfield code="b">Weltbild</marc:subfield>
      <marc:subfield code="c">1994</marc:subfield>
   </marc:datafield>
   <marc:datafield ind1="1" ind2=" " tag="490">
      <marc:subfield code="a">Märchenschatz der Welt</marc:subfield>
   </marc:datafield>
   <marc:datafield ind1="1" ind2=" " tag="520">
      <marc:subfield code="a">Die schönsten Märchen aus aller Welt nach alten und neuen Quellen gesammelt und nacherzählt von Bodo von Petersdorf.

Inhaltsverzeichnis:

-Die Totenwache
-Die dankbaren Tiere und der undankbare Mensch
-Das arme Mädchen
-Die böse Frau
-Malanchamala
-Geschichte vom Zauberpferde
-Geschichte des Königs Kalad
-Geschichte der Katze mit der Maus
-Geschichte des Einsiedlers mit dem Schmalz
-Geschichte des Fisches im Wasserteich
-Geschichte des Raben und der Schlange
-Geschichte des wilden Esels mit dem Fuchs
-Geschichte des Königs und des Wanderers
-Geschichte des Falken und der Raben
-Geschichte des Schlangenbeschwörers und seiner Frau und Kinder
-Geschichte des Mannes mit dem Fisch
-Geschichte des Jungen mit den Dieben
-Geschichte des Gärtners mit seiner Frau</marc:subfield>
   </marc:datafield>
</marc:record>
